| Tag |
First Indicator |
Second Indicator |
Subfields |
| LEADER |
00000cam a2200000 i 4500 |
| 001 |
in00000659321 |
| 005 |
20151015082358.0 |
| 008 |
800520s1959 enk b 00000 eng d |
| 020 |
|
|
|a 0719522153
|
| 035 |
|
|
|a (OCoLC)06340834
|
| 035 |
|
|
|9 ACX9068AM
|
| 040 |
|
|
|a TXA
|c TXA
|d UtOrBLW
|
| 049 |
|
|
|a TXAS
|c [1700653]
|
| 090 |
|
|
|a PR1309.S3
|b A7 1970
|
| 245 |
0 |
0 |
|a Aspects of science fiction /
|c edited by G. D. Doherty.
|
| 264 |
|
1 |
|a London :
|b J. Murray,
|c 1959, 1970 printing.
|
| 300 |
|
|
|a 218 pages ;
|c 19 cm.
|
| 336 |
|
|
|a text
|b txt
|2 rdacontent
|
| 337 |
|
|
|a unmediated
|b n
|2 rdamedia
|
| 338 |
|
|
|a volume
|b nc
|2 rdacarrier
|
| 490 |
1 |
|
|a The Albemarle library for schools
|
| 500 |
|
|
|a Includes discussion questions.
|
| 504 |
|
|
|a Bibliography: pages 212-215.
|
| 505 |
0 |
|
|a Introduction, by G. D. Doherty.--Pictures don't lie, by K. McLean.--The cold equations, by T. Godwin.--A sound of thunder, by R. Bradbury.--He walked around the horses, by H. B. Piper.--Zero hour, by R. Bradbury.--The crystal egg, by H. G. Wells,--Dormant, by A. E. Van Vogt.--The sea raiders, by H. G. Wells.--Dumb show, by B. W. Aldiss.--The nine billion names of God, by A. C. Clarke.--Panel game, by B. W. Aldiss.--The man in asbestos: an allegory of the future, by S. Leacock.
|
| 650 |
|
0 |
|a Science fiction.
|
| 700 |
1 |
|
|a Doherty, Geoffrey Donald.
|
| 830 |
|
0 |
|a Albemarle Library for Schools.
|
| 999 |
|
|
|a MARS
|
| 999 |
f |
f |
|s 98cfe184-0683-390a-b6c5-867263189003
|i 6635d6e1-13be-39d0-a45a-4014ee6eff5c
|t 0
|
| 952 |
f |
f |
|p ric
|a Texas A&M University
|b Rellis Campus
|c Joint Library Facility
|d Remote Storage
|t 0
|e PR1309.S3 A7 1970
|h Library of Congress classification
|i unmediated -- volume
|m A14828811773
|
| 952 |
f |
f |
|p noncirc
|a Texas A&M University
|b College Station
|c Cushing Memorial Library & Archives
|d Cushing: Science Fiction (Does not check out)
|t 0
|e PR1309.S3 A7 1970
|h Library of Congress classification
|i unmediated -- volume
|m A14800387386
|
| 998 |
f |
f |
|a PR1309.S3 A7 1970
|t 0
|l Cushing: Science Fiction (Does not check out)
|
| 998 |
f |
f |
|a PR1309.S3 A7 1970
|t 0
|l Remote Storage
|